000 00371nam a2200133Ia 4500
008 230917s9999||||xx |||||||||||||| ||und||
040 _e142025
_aMAIN
041 _aEnglish
082 _a954.025 G959M
100 _aGupta, Manik Lal
245 0 _aMadhyakaleen Bharat ka itihas. Pt.2- Khilji Saltnat kaal
260 _aNew Delhi
_bAtlantic Publishers
_c1998
942 _cBK
999 _c100939
_d100939